| 000 | 00579nam a2200193 i 4500 | ||
|---|---|---|---|
| 001 | 24628 | ||
| 003 | ES-MaACL | ||
| 005 | 20230906153102.0 | ||
| 007 | t| | ||
| 008 | 021218s1964 sp ||||1| spa d | ||
| 245 | 0 | 0 |
_aAntología de la lírica española actual / _cJosé Luis Cano. |
| 260 |
_aSalamanca, etc. : _bAnaya, _c[1964] |
||
| 300 |
_a100 p. ; _c17 cm. |
||
| 490 | 1 |
_aBiblioteca Anaya ; _v54 |
|
| 700 | 1 |
_aCano, José Luis, _d1912-1999 _934532 |
|
| 830 | 0 |
_aBiblioteca Anaya ; _v54 _9181464 |
|
| 852 |
_aES-MaACL _jC-26124 _bR.54374 |
||
| 999 |
_c24628 _d24628 |
||